000 01154nam a2200325 a 4500
003 CHAP
005 20220329143642.0
008 101118s2010 mx 00010 spa d
010 _a99860
011 _a100832
020 _a9786074772258
035 _a111518
040 _cCHAP
090 _aCD - 272
245 0 4 _aLas ciencias sociales y las humanidades hoy [Disco compacto]
_c/coordinado por José Fernández García ...[et al.]
260 _aMéxico, D.F. :
_bUAM. Unidad Xochimilco,
_c2010
300 _a1 disco compacto ;
_c4 3/4 plgs. + 1 folleto
590 _aBATCH-UPD
_b10
_c20130110
_lUCH01
_h0945
590 _aBATCH-UPD
_b10
_c20130410
_lUCH01
_h0600
590 _aBATCH-UPD
_b10
_c20130914
_lUCH01
_h0937
590 _aCONVERSION
_b10
_c20130109
_lUCH01
_h1355
650 0 4 _aCiencias sociales
_xEstudio y enseñanza.
_923222
650 0 4 _aCiencias sociales
_xHistoria.
_923225
650 0 4 _aCiencias sociales
_xInvestigación.
_923226
650 0 4 _aHumanidades
_xEstudio y enseñanza.
_956858
700 1 _aFernández García, José
_ecoord.
_940190
901 _aBK
942 _cCD
949 _aCD-272
_bBC
_cCD
_d33724002213264
_eCD
_i111518
_sb
999 _c99860
_d99860